000 01093cab a22001935a 4500
001 L155020
008 120220e20120210xxk 000 0 eng d
035 _a(Sirsi) u155020
041 0 _aeng
100 1 _aSandher, Hardeep
245 0 0 _aMarkets
_bLondon, West End
490 0 _aProperty Week
_v78(06) 10 February 2012, 43-50(5)
520 _aGrosvenor seeks partners to increase its hotel portfolio across Mayfair and Belgravia. West End retailers are on the blocks for the 'Shopping Olympics' but there are questions whether the West End will be a winner. Burberry's flagship London store leads Regent Street's bid to gain more Olympic trade. Shaftesbury, the REIT owning 12.5 acres of commercial/residential property, is putting £6.8m refurbishment funding into its Carnaby Village creative fashion hub. Aviva's £500m West End property sales will help finance five new large-scale schemes in the area. Mira Bar-Hillel analyses the Westminster parking fiasco.
590 _aKA
651 4 _aLondon
690 _aCommercial property
_96227
700 1 _aBar-Hillel, Mira
942 _n0
999 _c83781
_d83781